<?xml version="1.0" encoding="UTF-8"?>
<record
    xmlns:xsi="http://www.w3.org/2001/XMLSchema-instance"
    xsi:schemaLocation="http://www.loc.gov/MARC21/slim http://www.loc.gov/standards/marcxml/schema/MARC21slim.xsd"
    xmlns="http://www.loc.gov/MARC21/slim">

  <leader>00488nam a22001697a 4500</leader>
  <controlfield tag="005">20240320083026.0</controlfield>
  <controlfield tag="008">240320b        |||||||| |||| 00| 0 eng d</controlfield>
  <datafield tag="022" ind1=" " ind2=" ">
    <subfield code="a">0258249X </subfield>
  </datafield>
  <datafield tag="041" ind1=" " ind2=" ">
    <subfield code="a">English</subfield>
  </datafield>
  <datafield tag="082" ind1=" " ind2=" ">
    <subfield code="a">349 IND </subfield>
  </datafield>
  <datafield tag="100" ind1=" " ind2=" ">
    <subfield code="l">English </subfield>
  </datafield>
  <datafield tag="245" ind1=" " ind2=" ">
    <subfield code="a">Industrial Law Journal : </subfield>
    <subfield code="c">edited by M Brassey </subfield>
  </datafield>
  <datafield tag="260" ind1=" " ind2=" ">
    <subfield code="a">Cape Town : </subfield>
    <subfield code="b">Juta and Company Ltd, </subfield>
    <subfield code="c">1989</subfield>
  </datafield>
  <datafield tag="300" ind1=" " ind2=" ">
    <subfield code="b">203 pages ; </subfield>
    <subfield code="c">25 cm. </subfield>
  </datafield>
  <datafield tag="650" ind1=" " ind2=" ">
    <subfield code="a">Legal practice </subfield>
    <subfield code="b">Law </subfield>
  </datafield>
  <datafield tag="942" ind1=" " ind2=" ">
    <subfield code="c">CR</subfield>
    <subfield code="6">ALISON_BN_VRIES</subfield>
  </datafield>
  <datafield tag="999" ind1=" " ind2=" ">
    <subfield code="c">1479</subfield>
    <subfield code="d">1479</subfield>
  </datafield>
  <datafield tag="952" ind1=" " ind2=" ">
    <subfield code="0">0</subfield>
    <subfield code="1">0</subfield>
    <subfield code="2">ddc</subfield>
    <subfield code="4">0</subfield>
    <subfield code="6">349_000000000000000_IND</subfield>
    <subfield code="7">0</subfield>
    <subfield code="8">SER</subfield>
    <subfield code="9">2898</subfield>
    <subfield code="a">LSN</subfield>
    <subfield code="b">LSN</subfield>
    <subfield code="c">ILJ</subfield>
    <subfield code="d">2024-03-20</subfield>
    <subfield code="l">0</subfield>
    <subfield code="o">349 IND </subfield>
    <subfield code="p">LSN/2023/1006</subfield>
    <subfield code="r">2024-03-20 00:00:00</subfield>
    <subfield code="w">2024-03-20</subfield>
    <subfield code="y">CR</subfield>
  </datafield>
  <datafield tag="952" ind1=" " ind2=" ">
    <subfield code="0">0</subfield>
    <subfield code="1">0</subfield>
    <subfield code="2">ddc</subfield>
    <subfield code="4">0</subfield>
    <subfield code="6">349_000000000000000_IND</subfield>
    <subfield code="7">0</subfield>
    <subfield code="8">SER</subfield>
    <subfield code="9">2899</subfield>
    <subfield code="a">LSN</subfield>
    <subfield code="b">LSN</subfield>
    <subfield code="c">ILJ</subfield>
    <subfield code="d">2024-03-20</subfield>
    <subfield code="l">0</subfield>
    <subfield code="o">349 IND </subfield>
    <subfield code="p">LSN/2023/1007</subfield>
    <subfield code="r">2024-03-20 00:00:00</subfield>
    <subfield code="w">2024-03-20</subfield>
    <subfield code="y">CR</subfield>
  </datafield>
  <datafield tag="952" ind1=" " ind2=" ">
    <subfield code="0">0</subfield>
    <subfield code="1">0</subfield>
    <subfield code="2">ddc</subfield>
    <subfield code="4">0</subfield>
    <subfield code="6">349_000000000000000_IND</subfield>
    <subfield code="7">0</subfield>
    <subfield code="8">SER</subfield>
    <subfield code="9">2900</subfield>
    <subfield code="a">LSN</subfield>
    <subfield code="b">LSN</subfield>
    <subfield code="c">ILJ</subfield>
    <subfield code="d">2024-03-20</subfield>
    <subfield code="l">0</subfield>
    <subfield code="o">349 IND </subfield>
    <subfield code="p">LSN/2023/1008</subfield>
    <subfield code="r">2024-03-20 00:00:00</subfield>
    <subfield code="w">2024-03-20</subfield>
    <subfield code="y">CR</subfield>
  </datafield>
  <datafield tag="952" ind1=" " ind2=" ">
    <subfield code="0">0</subfield>
    <subfield code="1">0</subfield>
    <subfield code="2">ddc</subfield>
    <subfield code="4">0</subfield>
    <subfield code="6">349_000000000000000_IND</subfield>
    <subfield code="7">0</subfield>
    <subfield code="8">SER</subfield>
    <subfield code="9">2901</subfield>
    <subfield code="a">LSN</subfield>
    <subfield code="b">LSN</subfield>
    <subfield code="c">ILJ</subfield>
    <subfield code="d">2024-03-20</subfield>
    <subfield code="l">0</subfield>
    <subfield code="o">349 IND </subfield>
    <subfield code="p">LSN/2023/1009</subfield>
    <subfield code="r">2024-03-20 00:00:00</subfield>
    <subfield code="w">2024-03-20</subfield>
    <subfield code="y">CR</subfield>
  </datafield>
  <datafield tag="952" ind1=" " ind2=" ">
    <subfield code="0">0</subfield>
    <subfield code="1">0</subfield>
    <subfield code="2">ddc</subfield>
    <subfield code="4">0</subfield>
    <subfield code="6">349_000000000000000_IND</subfield>
    <subfield code="7">0</subfield>
    <subfield code="8">SER</subfield>
    <subfield code="9">2902</subfield>
    <subfield code="a">LSN</subfield>
    <subfield code="b">LSN</subfield>
    <subfield code="c">ILJ</subfield>
    <subfield code="d">2024-03-20</subfield>
    <subfield code="l">0</subfield>
    <subfield code="o">349 IND </subfield>
    <subfield code="p">LSN/2023/1010</subfield>
    <subfield code="r">2024-03-20 00:00:00</subfield>
    <subfield code="w">2024-03-20</subfield>
    <subfield code="y">CR</subfield>
  </datafield>
  <datafield tag="952" ind1=" " ind2=" ">
    <subfield code="0">0</subfield>
    <subfield code="1">0</subfield>
    <subfield code="2">ddc</subfield>
    <subfield code="4">0</subfield>
    <subfield code="6">349_000000000000000_IND</subfield>
    <subfield code="7">0</subfield>
    <subfield code="8">SER</subfield>
    <subfield code="9">2903</subfield>
    <subfield code="a">LSN</subfield>
    <subfield code="b">LSN</subfield>
    <subfield code="c">ILJ</subfield>
    <subfield code="d">2024-03-20</subfield>
    <subfield code="l">0</subfield>
    <subfield code="o">349 IND </subfield>
    <subfield code="p">LSN/2023/1011</subfield>
    <subfield code="r">2024-03-20 00:00:00</subfield>
    <subfield code="w">2024-03-20</subfield>
    <subfield code="y">CR</subfield>
  </datafield>
</record>
